书目信息 |
| 题名: |
足球守门员技术图解
|
|
| 作者: | 孟宁 编著 | |
| 分册: | ||
| 出版信息: | 北京 北京体育大学出版社 2004 |
|
| 页数: | 172页 | |
| 开本: | 19cm | |
| 丛书名: | 运动技术图解丛书 | |
| 单 册: | ||
| 中图分类: | G843.19 | |
| 科图分类: | ||
| 主题词: | 足球运动--守门员--运动技术 | |
| 电子资源: | ||
| ISBN: | 7-81100-133-0 | |
| 000 | 00812oam2 2200241 45 | |
| 001 | 002684410 | |
| 005 | 20050111082138.1 | |
| 010 | @a7-81100-133-0@dCNY16.00 | |
| 100 | @a20040719d2004 em y0chiy0110 ea | |
| 101 | 0 | @achi |
| 102 | @aCN@b110000 | |
| 105 | @aa z 000yy | |
| 200 | 1 | @a足球守门员技术图解@Azu qiu shou men yuan ji shu tu jie@f孟宁编著@FMeng Ning Bian Zhu |
| 210 | @a北京@c北京体育大学出版社@d2004 | |
| 215 | @a172页@c图@d19cm | |
| 225 | 2 | @a运动技术图解丛书 |
| 330 | @a该书内容包括熟悉球性练习、基本功强化练习、实用比赛技巧、防守传中球、防守定位球、发球(开球)、策应防守、身体训练八部分。 | |
| 410 | @12001 @a运动技术图解丛书 | |
| 606 | 0 | @a足球运动@x守门员@x运动技术 |
| 690 | @aG843.19@v4 | |
| 701 | 0 | @a孟宁@4编著 |
| 801 | 0 | @aCN@bNLC@c20040806 |
| 905 | @b342387-391@dG843.19@e179@f5 | |
| 足球守门员技术图解/孟宁编著.-北京:北京体育大学出版社,2004 |
| 172页:图;19cm.-(运动技术图解丛书) |
| ISBN 7-81100-133-0:CNY16.00 |
| 该书内容包括熟悉球性练习、基本功强化练习、实用比赛技巧、防守传中球、防守定位球、发球(开球)、策应防守、身体训练八部分。 |
| ● |
| 相关链接 |
|
|
|
|
正题名:足球守门员技术图解
索取号:G843.19/179
 
预约/预借
| 序号 | 登录号 | 条形码 | 馆藏地/架位号 | 状态 | 备注 |
| 1 | 0342387 | 203423875 | 第一样本阅览室/ [索取号:G843.19/179] | 在馆 | |
| 2 | 0342388 | 203423884 | 第四借阅区/ [索取号:G843.19/179] | 在馆 | |
| 3 | 0342389 | 203423893 | 第四借阅区/ [索取号:G843.19/179] | 在馆 | |
| 4 | 0342390 | 203423900 | 第四借阅区/ [索取号:G843.19/179] | 在馆 | |
| 5 | 0342391 | 203423919 | 第四借阅区/ [索取号:G843.19/179] | 在馆 |